Central Library OPAC University of Rajshahi
Normal view MARC view

Entry Personal Name

Number of records used in: 1

001 - CONTROL NUMBER

  • control field: 4130

003 - CONTROL NUMBER IDENTIFIER

  • control field: BD-RjUL

005 - DATE AND TIME OF LATEST TRANSACTION

  • control field: 20220726100134.0

008 - FIXED-LENGTH DATA ELEMENTS

  • fixed length control field: 220726|| aca||aabn | a|a d

040 ## - CATALOGING SOURCE

  • Original cataloging agency: BD-RjUL
  • Transcribing agency: BD-RjUL

100 ## - HEADING--PERSONAL NAME

  • Personal name: [Nadwi, Abdus Salam];; ندوي عبد السلام

670 ## - SOURCE DATA FOUND

  • Source citation: Work cat.: (BD-RjUL)80120: [Nadwi, Abdus Salam];; ندوي عبد السلام, [sirat eumar bin eabd aleaziz] سيرة عمر بن عبد العزيز , 1914